00466cam a2200169ua 4500001000500000005001700005008003900022040000900061082001300070100003100083245006000114250000900174260003200183300001700215653002400232653004000256341820260515113657.0111111n ii |||gr||||Z||||||asm cMAIN a891.4514 aBorkataky, Biren,eAuthor.11aAsamiya sahitya sanskritir duti aticby Biren Borkataky a1st. aGuwahati:bDeka agency,970. a144p:c23cm. aAssamese literature aAsamiya sahitya sanskritir duti ati